01057nam a22002895a 450000500170000000800410001702000180005802000150007604000280009108200220011910000380014124500850017925000340026426000500029830000330034850000240038150400310040565000460043665000370048265100100051965300340052970000200056370000170058394200080060099900170060895201420062520151028150026.0150624t2014 enka frb 001 0 eng d a9781292042701 a1292042702 aEG-ScBUEbengdEG-ScBUE04222bAHUa658.40321 aAhuja, Ravindra K.,938599d1956-10aNetwork flows :btheory, algorithms, and applications /cAhuja, Magnanti, Orlin. bPearson new international ed. aHarlow :bPearson Education Limited,cc.2014. axv, 846 p. :bill. ;c24 cm. aIndex : p. 840-846. aBibliography : p. 821-839. 72BUEsh935688aNetwork analysis (Planning) 0aMathematical optimization2BUEsh 2BUEsh bCOMSCIcJune2015cOctober20151 aMagnanti, T. L.1 aOrlin, J. B. 2ddc c19863d19835 00102ddc40708AlahramaMAINbMAINc1STd2015-06-24ePurchaseg295.00h330l0o658.4032 AHUp000038938r2025-07-15 00:00:00v368.75yBB